<?xml version="1.0" encoding="UTF-8"?>
<marc:record xmlns:marc="http://www.loc.gov/MARC21/slim">
   <marc:leader>00000nam a2200000 a 4500</marc:leader>
   <marc:datafield ind1="1" ind2=" " tag="100">
      <marc:subfield code="a">Scholl, Susanne</marc:subfield>
      <marc:subfield code="4">aut</marc:subfield>
      <marc:subfield code="e">Verfasser/-in</marc:subfield>
   </marc:datafield>
   <marc:datafield ind1=" " ind2=" " tag="653">
      <marc:subfield code="a">Neuere österreichische Literatur</marc:subfield>
   </marc:datafield>
   <marc:datafield ind1=" " ind2=" " tag="653">
      <marc:subfield code="a">Liebe</marc:subfield>
   </marc:datafield>
   <marc:datafield ind1=" " ind2=" " tag="653">
      <marc:subfield code="a">Autor &lt;Österreich&gt;</marc:subfield>
   </marc:datafield>
   <marc:datafield ind1=" " ind2=" " tag="653">
      <marc:subfield code="a">österreichische Literaur &lt;Neuere&gt;</marc:subfield>
   </marc:datafield>
   <marc:datafield ind1="0" ind2="0" tag="245">
      <marc:subfield code="a">Warten auf Gianni</marc:subfield>
   </marc:datafield>
   <marc:datafield ind1="0" ind2="0" tag="245">
      <marc:subfield code="b">eine Liebesgeschichte in sieben Jahren ; Roman</marc:subfield>
   </marc:datafield>
   <marc:datafield ind1=" " ind2="1" tag="264">
      <marc:subfield code="b">Residenz-Verl.</marc:subfield>
      <marc:subfield code="c">2016</marc:subfield>
   </marc:datafield>
   <marc:datafield ind1="1" ind2=" " tag="520">
      <marc:subfield code="a">Sieben Sommer verbringt Lilly bei ihren italienischen Freunden auf Sardinien und genießt die unkomplizierte, sinnliche Atmosphäre endloser Urlaubstage - und die Zeit mit Gianni, der so gar nichts von einem Latin Lover hat und den sie trotzdem nicht vergessen kann. Sieben Winter jedoch muss Lilly zurück nach Wien in einen reichlich unerfreulichen Alltag: Ihr Ex-Mann hat eine neue, junge Geliebte, ihre beste Freundin stirbt an Krebs, ihr Vater outet sich als homosexuell und schreibt auch noch ein Buch darüber. Also flüchtet Lilly in ihre Traumwelt - und fantasiert von einem Leben mit Gianni, von einem eigenen Kind. Der letzte Sommer jedoch zwingt sie, ihre Wünsche endlich mit der Realität zu konfrontieren …</marc:subfield>
   </marc:datafield>
   <marc:datafield ind1=" " ind2=" " tag="020">
      <marc:subfield code="a">9783701716678</marc:subfield>
      <marc:subfield code="9">9783701716678</marc:subfield>
   </marc:datafield>
</marc:record>
